Stevan Raičković: Kamenná uspávanka

Bibliographic Details
Main Author: Balák, Štefan, 1944-2014 (Author)
Format: Article
Language:Slovak
Subjects:

MARC

LEADER 00000nab a2200000uu 4500
001 vtls011522783
003 SK-MaSNL
005 20260303231534.0
008 230704|1975 xo |||||||||||||||||slo|
015 |a SNBRB 
035 |a (urnnbn)urn:nbn:sk:snk:ar-0024ag 
035 |a (uuid)573a737f-2478-4921-a483-892bfd3a975b 
035 |a urn:nbn:sk:snk-abeapj 
040 |a SNKBUCL  |b slo  |c SNKBUCL  |e AACR2 
041 0 |a slo 
044 |a xo  |c SK 
100 1 |a Balák, Štefan,  |d 1944-2014  |4 aut  |9 102338 
245 1 0 |a Stevan Raičković: Kamenná uspávanka  |c Štefan Balák 
655 7 |a recenzie  |2 SNKPH  |9 21907 
773 0 |t Slovenské pohľady  |g Roč. 91, č. 2 (1975), s. 138-140 
850 |a Slovenská národná knižnica 
852 |a Slovenská národná knižnica 
954 |a odborná, vedecká literatúra pôvodná (slovenská)  |2 lita 
958 |a OND 
958 |a EUIPO 
958 |a article21 
999 |c 2267331  |d 2269261